000 00516nam a2200193Ia 4500
001 544
008 201209s1989 ii a g b000 u 465 u
020 _a0-471-50357-6
082 _a510.9
100 _aBoyer, Carl B .
245 0 _aHistory of Mathematics /
_cCarl B. Boyer.
_hTextual Documents
250 _a2nd ed /
260 _aNew York :
_bJohn wiley & sons ,
_c1989.
300 _a762p. :
_bill ;
_c23cm .
653 _aHistory -Mathematics
700 _aMerzbach, Uta C .
856 _u8/Ref
942 _2ddc
_cBK
999 _c542
_d542